000 00322nam a2200121Ia 4500
008 241014s9999||||xx |||||||||||||| ||und||
020 _a0-19-555078-1
100 _aWhetton,Sue
245 0 _aHealth Informatics: a Socio technical perspective
260 _bOxford University Press
_c2005
300 _a262
942 _bION
_cBK
999 _c18536
_d18536